International Prime Ministerial Trips made by Narendra Modi - Statistics

General Stats
  • This quiz has been taken 319 times
  • The average score is 43 of 59
Answer Stats
Answer % Correct
United States
99%
China
97%
Russia
96%
United Kingdom
96%
Pakistan
95%
Japan
94%
France
93%
Australia
91%
Germany
91%
Israel
91%
Bangladesh
90%
Brazil
90%
Canada
89%
South Korea
89%
Spain
89%
Iran
88%
Mexico
88%
Nepal
88%
Saudi Arabia
88%
Indonesia
87%
Bhutan
85%
United Arab Emirates
85%
South Africa
84%
Turkey
84%
Sri Lanka
83%
Thailand
83%
Vietnam
83%
Argentina
82%
Myanmar
80%
Afghanistan
79%
Malaysia
79%
Qatar
79%
Singapore
79%
Oman
78%
Ireland
74%
Laos
73%
Portugal
73%
Sweden
71%
Belgium
68%
Netherlands
68%
Philippines
67%
Bahrain
66%
Switzerland
66%
Maldives
63%
Uzbekistan
63%
Mongolia
62%
Turkmenistan
61%
Jordan
60%
Tajikistan
60%
Kyrgyzstan
56%
Kenya
52%
Tanzania
45%
Uganda
38%
Mauritius
34%
Seychelles
34%
Fiji
32%
Mozambique
32%
Rwanda
30%
Kazakhastan
1%
No matching quizzes found
Score Distribution
Percent of People with Each Score
Percentile by Number Answered
Your Score History
You have not taken this quiz